Russian classical composers - Statistics

General Stats
  • This quiz has been taken 54 times
  • The average score is 11 of 25
Answer Stats
Hint Answer % Correct
T Peter Tchaikovsky
96%
R-K Nikolai Rimsky-Korsakov
93%
M Modest Mussorgsky
84%
P Sergei Prokofiev
84%
S Dmitri Shostakovich
82%
S Igor Stravinsky
82%
B Alexander Borodin
80%
R Sergei Rachmaninov
67%
G Mikhail Glinka
60%
B Mily Balakirev
60%
S Alexander Scriabin
53%
C César Cui
51%
K Aram Khachaturian
44%
G Alexander Glazunov
36%
L Sergei Lyapunov
22%
L Anatoly Lyadov
18%
M Nikolai Medtner
13%
T Sergei Taneyev
13%
A Anton Arensky
11%
G Reinhold Glière
11%
G Alexander Grechaninov
9%
K Nikolai Kapustin
9%
M Nikolai Myaskovsky
9%
T Nikolai Tcherepnin
4%
F Samuil Feinberg
2%
No matching quizzes found
Score Distribution
Percent of People with Each Score
Percentile by Number Answered
Your Score History
You have not taken this quiz